Fascism or genocide: (Record no. 1435504)

MARC details
000 -LEADER
fixed length control field 00758 a2200229 4500
005 - DATE AND TIME OF LATEST TRANSACTION
control field 20251021111838.0
008 - FIXED-LENGTH DATA ELEMENTS--GENERAL INFORMATION
fixed length control field 251021b |||||||| |||| 00| 0 eng d
020 ## - INTERNATIONAL STANDARD BOOK NUMBER
International Standard Book Number 9781804299388 (hbk)
037 ## - SOURCE OF ACQUISITION
Terms of availability TB
040 ## - CATALOGING SOURCE
Original cataloging agency CRL
Transcribing agency CRL
041 ## - LANGUAGE CODE
Source of code eng
Language code of text/sound track or separate title eng
084 ## - COLON CLASSIFICATION NUMBER
Classification number W64N19 R5
Assigning agency CRL
100 ## - MAIN ENTRY--PERSONAL NAME
Personal name Barkan, Ross
9 (RLIN) 821425
245 ## - TITLE STATEMENT
Title Fascism or genocide:
Remainder of title how a decade of political disorder boke American politics
260 ## - PUBLICATION, DISTRIBUTION, ETC.
Place of publication, distribution, etc. London, UK;
-- New York, USA:
Name of publisher, distributor, etc. Verso,
Date of publication, distribution, etc. 2025.
300 ## - PHYSICAL DESCRIPTION
Extent 195p.
365 ## - TRADE PRICE
Price amount 17.99
Currency code UKP
650 ## - SUBJECT ADDED ENTRY--TOPICAL TERM
Topical term or geographic name entry element Political Science
9 (RLIN) 848828
650 ## - SUBJECT ADDED ENTRY--TOPICAL TERM
Topical term or geographic name entry element Fascism
9 (RLIN) 848829
942 ## - ADDED ENTRY ELEMENTS (KOHA)
Koha item type Textbook
Source of classification or shelving scheme Colon Classification (CC)
Suppress in OPAC No
Classification part W64N19 R5
Holdings
Withdrawn status Lost status Source of classification or shelving scheme Damaged status Not for loan Home library Current library Date acquired Source of acquisition Cost, normal purchase price Inventory number Total Checkouts Full call number Barcode Date last seen Cost, replacement price Price effective from Koha item type
    Colon Classification (CC)     Central Library Central Library 2025-10-16 64/ Shivam Book Service 1717.98 SBS/38 & 2025-10-07   W64N19 R5 CL1924075 2025-10-16 2147.47 2025-10-16 Textbook
Copyright @ Delhi University Library System